Online
Catalog

Bosquejo histórico político de la España contemporánea / (Record no. 19867)

MARC details
000 -CABECERA
campo de control de longitud fija 00714nam a2200193 u 4500
001 - NÚMERO DE CONTROL
campo de control 000020363
005 - FECHA Y HORA DE LA ÚLTIMA TRANSACCIÓN
campo de control 20200929170402.0
008 - DATOS DE LONGITUD FIJA--INFORMACIÓN GENERAL
campo de control de longitud fija 100813s1996 sp a 000 0 spa d
020 ## - NÚMERO INTERNACIONAL ESTÁNDAR DEL LIBRO
Número Internacional Estándar del Libro 8460557588
040 ## - FUENTE DE LA CATALOGACIÓN
Centro catalogador/agencia de origen DO-SdBNP
Lengua de catalogación spa
Centro/agencia transcriptor BNPHU
082 ## - NÚMERO DE LA CLASIFICACIÓN DECIMAL DEWEY
Número de clasificación 320.946
Número de documento/Ítem A883b
100 1# - ENTRADA PRINCIPAL--NOMBRE DE PERSONA
Nombre de persona Attard, Emilio
Fechas asociadas al nombre 1915-1997
9 (RLIN) 43026
245 10 - MENCIÓN DE TÍTULO
Título Bosquejo histórico político de la España contemporánea /
Mención de responsabilidad, etc. Emilio Attard Alonso.
260 ## - PUBLICACIÓN, DISTRIBUCIÓN, ETC.
Lugar de publicación, distribución, etc. Valencia :
Nombre del editor, distribuidor, etc. Colegio de Abogados de Valencia,
Fecha de publicación, distribución, etc. 1996.
300 ## - DESCRIPCIÓN FÍSICA
Extensión 310 p. :
Otras características físicas il. ;
Dimensiones 24 cm.
500 ## - NOTA GENERAL
Nota general Incluye referencias bibliográficos y notas al pie de las páginas
650 #4 - PUNTO DE ACCESO ADICIONAL DE MATERIA--TÉRMINO DE MATERIA
Término de materia o nombre geográfico como elemento de entrada España españa
Subdivisión general Política y gobierno
Subdivisión cronológica S. XIX-XX
9 (RLIN) 43027
910 2# - DATOS DE OPCIÓN DEL USUARIO (OCLC)
Datos de opción del usuario Colegio de Abogados de Valencia
Holdings
Estado de retiro Estado de pérdida Restricciones de uso No para préstamo Código de colección Localización permanente Ubicación/localización actual Ubicación en estantería Fecha de adquisición Número de inventario Total de préstamos Signatura topográfica completa Código de barras Fecha visto por última vez Precio válido a partir de Tipo de ítem Koha
      Excluido de préstamo Monografías: Libros y Folletos General General En catalogación 10.05.2017 LF1   320.946 A883b 20363-10 25.06.2020 25.06.2020 No se presta

Powered by Koha